000 00440nam a2200145Ia 4500
008 211109s9999||||xx |||||||||||||| ||und||
082 _a894.8123
_bBAS-B
100 _aBasheer, Vaikom Muhammad
245 0 _aBhoomiyude Avakasikal
260 _bCurrent Books
_aKottayam Bn 795
_c1978
300 _a72p.
630 _xgeneral stack
650 _aMalayalam LIterature
_vMalayalam Fiction
_xMalayalam NovelsShort StoriesGeneralia
942 _cBOOK
999 _c78791
_d78791